Statistics for Colleges and Universities in Texas

Click here to take the quiz!

General Stats

  • This quiz has been taken 345 times
    (343 since last reset)
  • The average score is 19 of 48

Answer Stats

Hint Answer % Correct
AustinUniversity of Texas
100%
College StationTexas A&M University
91%
HoustonUniversity of Houston
88%
WacoBaylor University
85%
LubbockTexas Tech University
83%
San AntonioUniversity of Texas - San Antonio
80%
Fort WorthTexas Christian University
78%
DentonUniversity of North Texas
77%
El PasoUniversity of Texas - El Paso
76%
HoustonRice University
74%
San MarcosTexas State University
73%
DallasSouthern Methodist University
69%
ArlingtonUniversity of Texas - Arlington
67%
HuntsvilleSam Houston State University
58%
NacogdochesStephen F. Austin University
54%
DallasUniversity of Texas - Dallas
50%
AbileneAbilene Christian University
48%
Corpus ChristiTexas A&M - Corpus Christi
44%
TylerUniversity of Texas - Tyler
42%
Prairie ViewPrairie View A&M
38%
BeaumontLamar University
35%
HoustonTexas Southern University
31%
San AngeloAngelo State
31%
HoustonHouston Baptist University
30%
CommerceTexas A&M - Commerce
30%
StephenvilleTarleton State
29%
KingsvilleTexas A&M - Kingsville
29%
BrownsvilleUniversity of Texas - Brownsville
27%
GeorgetownSouthwestern University
26%
San AntonioTrinity University
26%
DentonTexas Woman's University
22%
AustinSt. Edwards University
21%
BeltonUnversity of Mary Hardin-Baylor
21%
AlpineSul Ross University
21%
OdessaUniversity of Texas - Permian Basin
21%
CanyonWest Texas A&M University
20%
EdinburgUniversity of Texas - Pan American
18%
San AntonioTexas A&M - San Antonio
14%
Clear LakeUniversity of Houston - Clear Lake
13%
GalvestonTexas A&M University - Galveston
13%
TexarkanaTexas A&M Texarkana
12%
VictoriaUniversity of Houston - Victoria
10%
HoustonUniversity of Houston - Downtown
9%
KileenTexas A&M Central Texas
8%
HoustonUniversity of St. Thomas
7%
Longview (and online)LeTourneau University
6%
LaredoTexas A&M International
6%
DallasUniversity of North Texas - Dallas
5%

Score Distribution

Percentile by Number Answered

Percent of People with Each Score

Your Score History

You have not taken this quiz since the last reset